[Event "Klaksvik Kjolur op"]
[Site "Klaksvik"]
[Date "2022.04.02"]
[Round "4"]
[White "Berg, Margar"]
[Black "Skaale, Janus"]
[Result "0-1"]
[WhiteElo "1985"]
[BlackElo "1893"]
[PlyCount "68"]
[EventDate "2022.04.01"]
[EventType "swiss"]
[EventRounds "7"]
[EventCountry "FAI"]
[SourceTitle "EXT 2023"]
[Source "ChessBase"]
[SourceDate "2022.10.05"]
[SourceVersion "1"]
[SourceVersionDate "2022.10.05"]
[SourceQuality "1"]

1. c4 c6 2. b3 d5 3. e3 Nf6 4. Bb2 Bf5 5. Nf3 e6 6. Be2 h6 7. Nc3 Nbd7 8. 0-0 Bd6 9. a3 0-0 10. Rc1 Rc8 11. d4 Bb8 12. Re1 Qe7 13. b4 Rfd8 14. Na4 Ne4 15. Nc5 Ndxc5 16. bxc5 Qf6 17. Rf1 Nxc5 18. Bc3 Ne4 19. Qb3 Nxc3 20. Rxc3 Qe7 21. Bd3 Bg4 22. Nd2 Rd7 23. f4 g5 24. h3 Bh5 25. g4 Bg6 26. Bxg6 fxg6 27. fxg5 Qd6 28. Kf2 Rf8+ 29. Ke1 Qg3+ 30. Kd1 Rxf1+ 31. Nxf1 Qf3+ 32. Ke1 Rf7 33. Rc2 Qxf1+ 34. Kd2 Rf2+ 0-1

[Event "FAI-chT 2122"]
[Site "Faroe Islands"]
[Date "2022.03.26"]
[Round "10.3"]
[White "Skaale, Janus"]
[Black "Olsen, Alfred A"]
[Result "1/2-1/2"]
[WhiteElo "1862"]
[BlackElo "1806"]
[PlyCount "71"]
[EventDate "2021.10.03"]
[EventType "team-tourn"]
[EventRounds "10"]
[EventCountry "FAI"]
[SourceTitle "EXT 2023"]
[Source "ChessBase"]
[SourceDate "2022.10.05"]
[SourceVersion "1"]
[SourceVersionDate "2022.10.05"]
[SourceQuality "1"]
[WhiteTeam "Klaksvik II"]
[BlackTeam "Vestmanna"]
[WhiteTeamCountry "FAI"]
[BlackTeamCountry "FAI"]

1. e4 c5 2. Nf3 d6 3. d4 cxd4 4. Nxd4 Nf6 5. Nc3 a6 6. Bg5 e5 7. Nb3 Be7 8. Qd2 Be6 9. 0-0-0 Nbd7 10. f4 h6 11. Bxf6 Nxf6 12. Kb1 0-0 13. h3 b5 14. Qe3 Qc7 15. f5 Bc4 16. g4 Rfc8 17. Bd3 d5 18. exd5 Nxd5 19. Nxd5 Bxd5 20. Rhe1 f6 21. h4 a5 22. Be4 Bxe4 23. Qxe4 a4 24. Nd2 a3 25. g5 fxg5 26. hxg5 Bxg5 27. Nf3 Bf6 28. Re2 axb2 29. Nxe5 Kh7 30. Rd7 Qa5 31. Rxg7+ Kh8 32. Qd5 Bxg7 33. Nf7+ Kh7 34. Ng5+ Kh8 35. Nf7+ Kh7 36. Ng5+ 1/2-1/2

[Event "FAI-chT 2122"]
[Site "Faroe Islands"]
[Date "2022.02.27"]
[Round "8.4"]
[White "Skaale, Janus"]
[Black "Joensen, Oli"]
[Result "1-0"]
[WhiteElo "1862"]
[BlackElo "1785"]
[PlyCount "43"]
[EventDate "2021.10.03"]
[EventType "team-tourn"]
[EventRounds "10"]
[EventCountry "FAI"]
[SourceTitle "EXT 2023"]
[Source "ChessBase"]
[SourceDate "2022.10.05"]
[SourceVersion "1"]
[SourceVersionDate "2022.10.05"]
[SourceQuality "1"]
[WhiteTeam "Klaksvik II"]
[BlackTeam "Havnin II"]
[WhiteTeamCountry "FAI"]
[BlackTeamCountry "FAI"]

1. e4 e5 2. Nf3 d6 3. Bc4 Nf6 4. d3 Be7 5. 0-0 0-0 6. c3 Bg4 7. Nbd2 Nbd7 8. Re1 c6 9. Bb3 Nc5 10. Bc2 Ne6 11. h3 Bh5 12. Nf1 h6 13. Ng3 Bg6 14. d4 Qc7 15. Nh4 Bxe4 16. Bxe4 Nxe4 17. Rxe4 d5 18. Rg4 Bxh4 19. Rxh4 e4 20. Qg4 g5 21. Rxh6 f5 22. Qh5 1-0

[Event "FAI-chT 2122"]
[Site "Faroe Islands"]
[Date "2021.11.07"]
[Round "4.4"]
[White "Skaale, Janus"]
[Black "Apol, Luitjen Akselsson"]
[Result "0-1"]
[WhiteElo "1862"]
[BlackElo "2126"]
[PlyCount "82"]
[EventDate "2021.10.03"]
[EventType "team-tourn"]
[EventRounds "10"]
[EventCountry "FAI"]
[SourceTitle "EXT 2023"]
[Source "ChessBase"]
[SourceDate "2022.10.05"]
[SourceVersion "1"]
[SourceVersionDate "2022.10.05"]
[SourceQuality "1"]
[WhiteTeam "Klaksvik"]
[BlackTeam "Havnin"]
[WhiteTeamCountry "FAI"]
[BlackTeamCountry "FAI"]

1. e4 c5 2. Nf3 d6 3. Bb5+ Nd7 4. d4 cxd4 5. Qxd4 a6 6. Bxd7+ Bxd7 7. Nc3 Rc8 8. 0-0 e5 9. Qd3 h6 10. Nd2 Qc7 11. Rd1 Nf6 12. Nf1 Bg4 13. f3 Be6 14. Ne3 Be7 15. a4 0-0 16. Bd2 Rfd8 17. Be1 d5 18. exd5 Bc5 19. Kh1 Bxe3 20. Qxe3 Nxd5 21. Nxd5 Rxd5 22. Rxd5 Bxd5 23. Bc3 Re8 24. Re1 Qc6 25. Rd1 Qe6 26. a5 Bc6 27. Re1 Qc4 28. Bxe5 Qxc2 29. Qd4 Re6 30. Bg3 Rf6 31. Qf2 Qb3 32. Be5 Rg6 33. Bc3 Qd5 34. Re5 Qd1+ 35. Re1 Qd3 36. Re3 Qb1+ 37. Re1 Qf5 38. Re5 Qf4 39. Qe3 Qh4 40. Qe1 Qh3 41. gxh3 Bxf3# 0-1

[Event "Nordic-ch U20 Gp-A"]
[Site "Torshavn"]
[Date "2021.09.11"]
[Round "3"]
[White "Stefansson, Vignir Vatnar"]
[Black "Skaale, Janus"]
[Result "1-0"]
[WhiteElo "2383"]
[BlackElo "1869"]
[PlyCount "65"]
[EventDate "2021.09.10"]
[EventType "swiss"]
[EventRounds "6"]
[EventCountry "FAI"]
[SourceTitle "CBM 204 Extra"]
[Source "ChessBase"]
[SourceDate "2021.11.30"]
[SourceVersion "1"]
[SourceVersionDate "2021.11.30"]
[SourceQuality "1"]

1. Nf3 d5 2. d4 Nf6 3. c4 c6 4. e3 Bf5 5. Qb3 Qb6 6. cxd5 Nxd5 7. Bc4 e6 8. 0-0 Nd7 9. Nbd2 N5f6 10. Nh4 Bg4 11. f3 Bh5 12. g4 Bg6 13. Qxb6 Nxb6 14. Be2 Rd8 15. Nb3 Be7 16. e4 Nfd7 17. Nxg6 hxg6 18. Na5 Bb4 19. Nxb7 Rb8 20. Ba6 e5 21. a3 Be7 22. dxe5 Nc5 23. Nxc5 Bxc5+ 24. Kg2 Bd4 25. Rd1 Bxe5 26. f4 Bf6 27. g5 Be7 28. Be3 Na4 29. b4 c5 30. Rac1 cxb4 31. Bb5+ Kf8 32. Bxa4 bxa3 33. Rb1 1-0

[Event "FAI-chT2 2021"]
[Site "Faroe Islands"]
[Date "2020.11.22"]
[Round "5.1"]
[White "Augustinussen, Bernhard"]
[Black "Skaale, Janus"]
[Result "1-0"]
[WhiteElo "1906"]
[BlackElo "1835"]
[PlyCount "97"]
[EventDate "2020.10.04"]
[EventType "team-tourn"]
[EventRounds "10"]
[EventCountry "FAI"]
[SourceTitle "EXT 2022"]
[Source "ChessBase"]
[SourceDate "2021.10.06"]
[SourceVersion "1"]
[SourceVersionDate "2021.10.06"]
[SourceQuality "1"]
[WhiteTeam "Sandavagur II"]
[BlackTeam "Klaksvik III"]
[WhiteTeamCountry "FAI"]
[BlackTeamCountry "FAI"]

1. c4 e5 2. Nc3 Nf6 3. Nf3 Nc6 4. e3 Be7 5. Be2 0-0 6. d4 exd4 7. exd4 d5 8. h3 Be6 9. c5 Bf5 10. a3 h6 11. Bf4 a6 12. 0-0 Ne4 13. Ne5 Nxe5 14. Bxe5 b6 15. Nxe4 Bxe4 16. b4 Bf6 17. Bxf6 Qxf6 18. Rc1 Rfe8 19. Qd2 Re7 20. Rc3 b5 21. Re1 Rae8 22. Bf1 c6 23. Rce3 Re6 24. f3 Bg6 25. Rxe6 Rxe6 26. Rxe6 Qxe6 27. Qe2 Qf6 28. Qe3 Kf8 29. Kf2 h5 30. g4 hxg4 31. hxg4 Qh4+ 32. Kg2 f5 33. Bd3 Qf6 34. Qf4 Kg8 35. gxf5 Bf7 36. Kf2 Qe7 37. f6 gxf6 38. Qg4+ Kf8 39. Qh3 Be6 40. Qh8+ Bg8 41. Bg6 Qe6 42. Kg3 f5 43. Qh6+ Ke7 44. Qg5+ Kf8 45. Qxf5+ Kg7 46. Qxe6 Bxe6 47. Be8 Kf6 48. Kf4 Ke7 49. Bxc6 1-0

[Event "FAI-chT2 2021"]
[Site "Faroe Islands"]
[Date "2020.11.08"]
[Round "4.1"]
[White "Skaale, Janus"]
[Black "Hansen, Herluf"]
[Result "1/2-1/2"]
[WhiteElo "1835"]
[BlackElo "1971"]
[PlyCount "60"]
[EventDate "2020.10.04"]
[EventType "team-tourn"]
[EventRounds "10"]
[EventCountry "FAI"]
[SourceTitle "EXT 2022"]
[Source "ChessBase"]
[SourceDate "2021.10.06"]
[SourceVersion "1"]
[SourceVersionDate "2021.10.06"]
[SourceQuality "1"]
[WhiteTeam "Klaksvik III"]
[BlackTeam "Havnin III"]
[WhiteTeamCountry "FAI"]
[BlackTeamCountry "FAI"]

1. e4 Nf6 2. Nc3 e5 3. Bc4 Bc5 4. Nf3 Nc6 5. d3 h6 6. a3 a6 7. h3 d6 8. Qe2 Be6 9. Ba2 Qd7 10. Bd2 Bxa2 11. Nxa2 Qe6 12. b4 Bb6 13. c4 Nd4 14. Nxd4 Bxd4 15. Nc3 c6 16. Rc1 0-0 17. 0-0 Nd7 18. Be3 Bxe3 19. fxe3 f5 20. exf5 Rxf5 21. Rxf5 Qxf5 22. Rf1 Qg6 23. Ne4 d5 24. cxd5 cxd5 25. Nc3 Qc6 26. Qd2 Rc8 27. Rc1 Nf6 28. Ne2 Qd7 29. Rxc8+ Qxc8 30. Nc3 Qc6 1/2-1/2

[Event "FAI-chT2 2021"]
[Site "Faroe Islands"]
[Date "2020.10.04"]
[Round "1.1"]
[White "Skaale, Janus"]
[Black "Djurhuus, Arant"]
[Result "1/2-1/2"]
[WhiteElo "1835"]
[BlackElo "1730"]
[PlyCount "70"]
[EventDate "2020.10.04"]
[EventType "team-tourn"]
[EventRounds "10"]
[EventCountry "FAI"]
[SourceTitle "EXT 2022"]
[Source "ChessBase"]
[SourceDate "2021.10.06"]
[SourceVersion "1"]
[SourceVersionDate "2021.10.06"]
[SourceQuality "1"]
[WhiteTeam "Klaksvik III"]
[BlackTeam "Kollafjordur II"]
[WhiteTeamCountry "FAI"]
[BlackTeamCountry "FAI"]

1. e4 c5 2. Nf3 e6 3. d4 cxd4 4. Nxd4 Nf6 5. Nc3 Bb4 6. Bd3 Nc6 7. Nxc6 bxc6 8. Bd2 d5 9. exd5 cxd5 10. 0-0 d4 11. Ne4 Bxd2 12. Qxd2 0-0 13. Rfe1 Bb7 14. Rad1 Qe7 15. Qg5 Rad8 16. Qh4 Nd5 17. Qxe7 Nxe7 18. Nc5 Bd5 19. a3 Nc6 20. Be4 Bxe4 21. Rxe4 e5 22. b4 Rfe8 23. g3 f5 24. Ree1 e4 25. Nb3 Ne5 26. Kg2 Nf3 27. Re2 g5 28. Nc5 Re5 29. g4 Rde8 30. gxf5 Nh4+ 31. Kh1 Nxf5 32. Nd7 R5e6 33. Nc5 Re5 34. Nd7 R5e6 35. Nc5 Re5 1/2-1/2

[Event "Nordic-ch U20"]
[Site "Fredericia"]
[Date "2020.02.16"]
[Round "6"]
[White "Lund, Gunnar"]
[Black "Skaale, Janus"]
[Result "1-0"]
[WhiteElo "2288"]
[BlackElo "1799"]
[PlyCount "101"]
[EventDate "2020.02.14"]
[EventType "swiss"]
[EventRounds "6"]
[EventCountry "DEN"]
[SourceTitle "EXT 2021"]
[Source "ChessBase"]
[SourceDate "2020.10.23"]
[SourceVersion "1"]
[SourceVersionDate "2020.10.23"]
[SourceQuality "1"]

1. d4 d5 2. Bf4 Nf6 3. e3 e6 4. Nf3 Bd6 5. Nbd2 0-0 6. Bd3 b6 7. Qe2 c5 8. c3 Nc6 9. Ne5 Bb7 10. Bg3 Qc7 11. f4 cxd4 12. exd4 Ne7 13. 0-0 Nf5 14. Bf2 Ne8 15. Rae1 a6 16. Ndf3 b5 17. a3 Nf6 18. Nd2 Be7 19. Ng4 Qxf4 20. Ne5 Bd6 21. Bxf5 Qxf5 22. Bh4 Qc2 23. Bxf6 gxf6 24. Nd7 Be7 25. Nxf8 Rxf8 26. Nf3 Qg6 27. Qf2 a5 28. Re3 Kh8 29. Nh4 Qg5 30. b4 axb4 31. axb4 Ra8 32. Nf3 Qg6 33. Ne1 Ra3 34. Qb2 Ra8 35. Nd3 Re8 36. Qe2 Bd6 37. Qf2 Be7 38. Rg3 Qh6 39. Rh3 Qg5 40. Qc2 Qg6 41. Rg3 Qh6 42. Nf4 f5 43. Qe2 Bc6 44. Nd3 Bd6 45. Ne5 Bxe5 46. Qxe5+ f6 47. Qc7 Ba8 48. Qd7 Qf8 49. Rg7 Qxg7 50. Qxe8+ Qg8 51. Qe7 1-0

[Event "Nordic-ch U20"]
[Site "Fredericia"]
[Date "2020.02.16"]
[Round "4"]
[White "Skaale, Janus"]
[Black "Risting, Eivind Olav"]
[Result "0-1"]
[WhiteElo "1799"]
[BlackElo "2306"]
[PlyCount "108"]
[EventDate "2020.02.14"]
[EventType "swiss"]
[EventRounds "6"]
[EventCountry "DEN"]
[SourceTitle "EXT 2021"]
[Source "ChessBase"]
[SourceDate "2020.10.23"]
[SourceVersion "1"]
[SourceVersionDate "2020.10.23"]
[SourceQuality "1"]

1. e4 c5 2. Nf3 Nc6 3. d4 cxd4 4. Nxd4 e5 5. Nb5 d6 6. N1c3 a6 7. Na3 Be6 8. Nc4 b5 9. Ne3 Nf6 10. a3 Be7 11. g3 h5 12. Bg2 h4 13. 0-0 Nd4 14. Ncd5 Rc8 15. c3 Nc6 16. Qe2 Na5 17. a4 Nxd5 18. Nxd5 hxg3 19. hxg3 Nb3 20. Ra3 Nxc1 21. Rxc1 Bxd5 22. exd5 b4 23. Raa1 Bg5 24. Re1 bxc3 25. bxc3 a5 26. Qb5+ Kf8 27. Qd3 g6 28. Rab1 Qc7 29. Rb5 Kg7 30. Reb1 Bd8 31. Rb7 Qxc3 32. Qxc3 Rxc3 33. Rd7 Ra3 34. Rbb7 Rf8 35. Rxd6 Rxa4 36. Rdd7 Rd4 37. Ra7 Rd2 38. Rab7 a4 39. Rb4 a3 40. Ra7 a2 41. Bf1 e4 42. Ra6 Bf6 43. Rba4 a1Q 44. Rxa1 Bxa1 45. Rxa1 Rxd5 46. Kg2 f5 47. Bc4 Rd2 48. Ra7+ Kh6 49. Re7 Rc8 50. Bb3 Rb8 51. Bf7 Rbb2 52. Re6 Rxf2+ 53. Kg1 Rg2+ 54. Kf1 Rxg3 0-1

[Event "Nordic-ch U20"]
[Site "Fredericia"]
[Date "2020.02.15"]
[Round "3"]
[White "Crevatin, Leo"]
[Black "Skaale, Janus"]
[Result "1-0"]
[WhiteElo "2219"]
[BlackElo "1799"]
[PlyCount "59"]
[EventDate "2020.02.14"]
[EventType "swiss"]
[EventRounds "6"]
[EventCountry "DEN"]
[SourceTitle "EXT 2021"]
[Source "ChessBase"]
[SourceDate "2020.10.23"]
[SourceVersion "1"]
[SourceVersionDate "2020.10.23"]
[SourceQuality "1"]

1. d4 d5 2. c4 c6 3. Nf3 Nf6 4. e3 Bf5 5. Nc3 e6 6. Nh4 Bg6 7. Nxg6 hxg6 8. Qb3 Qc7 9. h3 Nbd7 10. Bd2 Be7 11. 0-0-0 0-0 12. Kb1 dxc4 13. Bxc4 b5 14. Be2 Rab8 15. g4 b4 16. Na4 Ne4 17. Be1 Bh4 18. f4 Bxe1 19. Rhxe1 Ndf6 20. g5 Nd5 21. Ka1 Nb6 22. Bf3 Nxa4 23. Qxa4 Nf2 24. Rd2 Nxh3 25. Rh1 Nxf4 26. exf4 Qxf4 27. Rdh2 f6 28. Qxc6 Rfc8 29. Rh8+ Kf7 30. Qd7# 1-0

[Event "Nordic-ch U20"]
[Site "Fredericia"]
[Date "2020.02.15"]
[Round "5"]
[White "Morkore, Rogvi"]
[Black "Skaale, Janus"]
[Result "0-1"]
[WhiteElo "1589"]
[BlackElo "1799"]
[PlyCount "94"]
[EventDate "2020.02.14"]
[EventType "swiss"]
[EventRounds "6"]
[EventCountry "DEN"]
[SourceTitle "EXT 2021"]
[Source "ChessBase"]
[SourceDate "2020.10.23"]
[SourceVersion "1"]
[SourceVersionDate "2020.10.23"]
[SourceQuality "1"]

1. c4 e5 2. Nc3 Nf6 3. g3 d5 4. cxd5 Nxd5 5. Bg2 Nb6 6. e3 Be7 7. Nge2 Nc6 8. a3 Be6 9. d4 exd4 10. Bxc6+ bxc6 11. Nxd4 Bd7 12. Qf3 c5 13. Nc6 Bxc6 14. Qxc6+ Qd7 15. Qxd7+ Nxd7 16. f4 0-0 17. e4 Nb6 18. Ke2 Rfd8 19. Be3 Nc4 20. b3 Nxe3 21. Kxe3 Rab8 22. Rab1 c4 23. bxc4 Bxa3 24. Rhd1 Rdc8 25. Kf3 g6 26. e5 a5 27. Rxb8 Rxb8 28. Nb5 c6 29. Nxa3 Rb3+ 30. Ke4 Rxa3 31. Kd4 Kf8 32. Kc5 Ke7 33. Kxc6 a4 34. Kb5 Ra2 35. c5 a3 36. Kb4 Rc2 37. Kxa3 Rxc5 38. Rd4 Rc2 39. h4 Rc3+ 40. Kb4 Rxg3 41. h5 gxh5 42. Rd1 Rf3 43. Rd4 h4 44. f5 Rxf5 45. Rxh4 h5 46. Kc4 Rxe5 47. Kd4 Ke6 0-1

[Event "Nordic-ch U20"]
[Site "Fredericia"]
[Date "2020.02.14"]
[Round "2"]
[White "Skaale, Janus"]
[Black "Takala, Jaakko"]
[Result "1-0"]
[WhiteElo "1799"]
[BlackElo "1686"]
[PlyCount "105"]
[EventDate "2020.02.14"]
[EventType "swiss"]
[EventRounds "6"]
[EventCountry "DEN"]
[SourceTitle "EXT 2021"]
[Source "ChessBase"]
[SourceDate "2020.10.23"]
[SourceVersion "1"]
[SourceVersionDate "2020.10.23"]
[SourceQuality "1"]

1. e4 e6 2. d4 d5 3. Nd2 Nf6 4. e5 Nfd7 5. Bd3 c5 6. c3 Nc6 7. Ne2 a6 8. 0-0 b5 9. Nf3 Qb6 10. Be3 c4 11. Bc2 b4 12. Nf4 Rb8 13. Ng5 g6 14. Qf3 Nd8 15. Rfe1 bxc3 16. bxc3 Qb2 17. Rac1 Qxa2 18. Bd2 Ba3 19. Nxd5 exd5 20. e6 0-0 21. e7 Bxe7 22. Rxe7 Rb2 23. Qd1 Qa3 24. Re1 Nf6 25. Qf3 Qd6 26. Bf4 Qc6 27. Be5 Rb6 28. Rb1 Re8 29. Rxb6 Qxb6 30. Rb1 Bg4 31. Rxb6 Bxf3 32. Nxf3 Nd7 33. Rxa6 Nxe5 34. dxe5 Nb7 35. Ba4 Rd8 36. Bc6 Nc5 37. Ra8 Rxa8 38. Bxa8 Ne4 39. Bxd5 Nxc3 40. Bxc4 Kg7 41. g3 Ne4 42. Bb5 Nc5 43. Nd2 f6 44. f4 Kf7 45. Bc4+ Ke7 46. Kf2 h6 47. Ke3 g5 48. Ne4 gxf4+ 49. gxf4 fxe5 50. Nxc5 exf4+ 51. Kxf4 Kf6 52. Kg4 Kg6 53. Bd3+ 1-0

[Event "FAI-chT2 1920"]
[Site "Faroe Islands"]
[Date "2019.10.13"]
[Round "1.3"]
[White "Skaale, Janus"]
[Black "Gregersen, Jon"]
[Result "0-1"]
[WhiteElo "1819"]
[BlackElo "1864"]
[PlyCount "44"]
[EventDate "2019.10.13"]
[EventType "team-tourn"]
[EventRounds "10"]
[EventCountry "FAI"]
[SourceTitle "CBM 195 Extra"]
[Source "ChessBase"]
[SourceDate "2020.05.31"]
[SourceVersion "1"]
[SourceVersionDate "2020.05.31"]
[SourceQuality "1"]
[WhiteTeam "Klaksvik II"]
[BlackTeam "Sandavagur II"]
[WhiteTeamCountry "FAI"]
[BlackTeamCountry "FAI"]

1. e4 e5 2. Nf3 Nc6 3. Bc4 Bc5 4. c3 d6 5. d4 exd4 6. cxd4 Bb6 7. h3 Nf6 8. Nc3 0-0 9. d5 Ne7 10. 0-0 Ng6 11. Re1 Re8 12. Qc2 h6 13. Na4 Ba5 14. Re2 a6 15. Bd3 Nh5 16. Nc3 Nhf4 17. Bxf4 Nxf4 18. Ree1 Qf6 19. Nh2 Qg5 20. g3 Bb6 21. Nd1 Qxg3+ 22. Kh1 Qg2# 0-1

[Event "Runavik op"]
[Site "Runavik"]
[Date "2018.11.17"]
[Round "7"]
[White "Skaale, Janus"]
[Black "Pinheiro Diamant, Jonatan"]
[Result "1/2-1/2"]
[WhiteElo "1839"]
[BlackElo "1789"]
[PlyCount "61"]
[EventDate "2018.11.12"]
[EventType "swiss"]
[EventRounds "9"]
[EventCountry "FAI"]
[SourceTitle "CBM 187 Extra"]
[Source "ChessBase"]
[SourceDate "2018.11.04"]
[SourceVersion "1"]
[SourceVersionDate "2018.11.04"]
[SourceQuality "1"]

1. e4 e5 2. Nf3 Nc6 3. Bc4 Nf6 4. d3 h6 5. h3 d6 6. a4 a5 7. Nc3 g6 8. Be3 Bg7 9. g4 Qe7 10. Qd2 g5 11. 0-0-0 Be6 12. Qe2 0-0-0 13. d4 d5 14. exd5 Nxd5 15. Nxd5 Bxd5 16. Bxd5 Rxd5 17. dxe5 Rhd8 18. Rxd5 Rxd5 19. Rd1 Rxd1+ 20. Qxd1 Nxe5 21. Nxe5 Qxe5 22. c3 f5 23. gxf5 Qxf5 24. Qg4 Qd7 25. Qe4 Kb8 26. Qc4 b6 27. h4 g4 28. Qg8+ Kb7 29. Qh7 Kc8 30. Qg8+ Kb7 31. Qh7 1/2-1/2

[Event "Runavik op"]
[Site "Runavik"]
[Date "2018.11.14"]
[Round "4"]
[White "Nielsen, Hogni Egilstoft"]
[Black "Skaale, Janus"]
[Result "1-0"]
[WhiteElo "2400"]
[BlackElo "1839"]
[PlyCount "89"]
[EventDate "2018.11.12"]
[EventType "swiss"]
[EventRounds "9"]
[EventCountry "FAI"]
[SourceTitle "CBM 187 Extra"]
[Source "ChessBase"]
[SourceDate "2018.11.04"]
[SourceVersion "1"]
[SourceVersionDate "2018.11.04"]
[SourceQuality "1"]

1. e4 c5 2. c3 d5 3. exd5 Qxd5 4. d4 cxd4 5. cxd4 Nc6 6. Nf3 Bg4 7. Be2 e6 8. h3 Bf5 9. Nc3 Bb4 10. 0-0 Qd7 11. Bb5 Nge7 12. Qa4 Bxc3 13. bxc3 0-0 14. Ne5 Qc7 15. Nxc6 Nxc6 16. Ba3 Rfc8 17. Rac1 a6 18. Be2 Qf4 19. Qd1 Rd8 20. Bf3 Rac8 21. Qe2 b5 22. Qe3 Qxe3 23. fxe3 Bd3 24. Rf2 Bc4 25. Rd1 f6 26. Rfd2 Kf7 27. e4 h6 28. Bg4 Rb8 29. d5 exd5 30. exd5 Ne5 31. Be6+ Kg6 32. Bb4 Rb7 33. Ba5 Rd6 34. Kf2 Nd7 35. Bb4 Rdb6 36. g4 h5 37. Kg3 hxg4 38. hxg4 Ra7 39. Bf5+ Kf7 40. Re1 Rbb7 41. Re7+ Kg8 42. Be6+ Kh7 43. Rh2+ Kg6 44. Bf5+ Kg5 45. Rh5# 1-0

[Event "FAI-chT 1819"]
[Site "Faroe Islands"]
[Date "2018.11.04"]
[Round "2.3"]
[White "Morkore, Rogvi"]
[Black "Skaale, Janus"]
[Result "0-1"]
[WhiteElo "1417"]
[BlackElo "1839"]
[PlyCount "62"]
[EventDate "2018.10.28"]
[EventType "team-tourn"]
[EventRounds "10"]
[EventCountry "FAI"]
[SourceTitle "CBM 189 Extra"]
[Source "ChessBase"]
[SourceDate "2019.06.03"]
[SourceVersion "1"]
[SourceVersionDate "2019.06.03"]
[SourceQuality "1"]
[WhiteTeam "Kollafjordjur"]
[BlackTeam "Klaksvik"]
[WhiteTeamCountry "FAI"]
[BlackTeamCountry "FAI"]

1. Nf3 d5 2. g3 Nf6 3. Bg2 Bf5 4. 0-0 e6 5. d4 c6 6. Bg5 Nbd7 7. Nbd2 Bd6 8. c4 h6 9. Bxf6 Nxf6 10. a3 0-0 11. b4 a5 12. c5 Bc7 13. Qb3 Qb8 14. b5 Nd7 15. b6 Bd8 16. a4 e5 17. e3 Bf6 18. Qc3 g5 19. Nb3 g4 20. Nfd2 h5 21. Nxa5 exd4 22. exd4 Rxa5 23. Qxa5 Bxd4 24. Ra3 Bxc5 25. Rb3 Re8 26. Rc1 Bd4 27. Bf1 Qd8 28. Bd3 Bxd3 29. Rxd3 Qf6 30. Nb3 Qxf2+ 31. Kh1 Re2 0-1

[Event "FAI-chT 1718"]
[Site "Faroe Islands"]
[Date "2018.03.04"]
[Round "9.3"]
[White "Samuelsen, Carl Eli Nolsoe"]
[Black "Skaale, Janus"]
[Result "1-0"]
[WhiteElo "2212"]
[BlackElo "1897"]
[PlyCount "69"]
[EventDate "2017.10.22"]
[EventType "team-tourn"]
[EventRounds "10"]
[EventCountry "FAI"]
[SourceTitle "EXT 2019"]
[Source "ChessBase"]
[SourceDate "2018.10.10"]
[SourceVersion "1"]
[SourceVersionDate "2018.10.10"]
[SourceQuality "1"]
[WhiteTeam "Havnin"]
[BlackTeam "Klaksvik"]
[WhiteTeamCountry "FAI"]
[BlackTeamCountry "FAI"]

1. e4 c5 2. Nf3 d6 3. d4 cxd4 4. Nxd4 Nf6 5. Nc3 g6 6. Bc4 Bg7 7. Bb3 0-0 8. h3 Nc6 9. Be3 Bd7 10. 0-0 Rc8 11. f4 a6 12. Qd3 Qc7 13. Rf2 Na5 14. Rd1 Nxb3 15. axb3 Bc6 16. Nxc6 Qxc6 17. Bd4 Rfe8 18. f5 b5 19. fxg6 hxg6 20. Bxf6 Bxf6 21. Nd5 Bxb2 22. Qf3 f6 23. h4 Qc5 24. b4 Qa7 25. c3 a5 26. Kf1 Ba3 27. Ra2 axb4 28. cxb4 Ra8 29. Qd3 Reb8 30. Rda1 Qd7 31. Rxa3 Rxa3 32. Rxa3 Kf7 33. Qh3 Qc6 34. Qc3 Qd7 35. Qc7 1-0

[Event "FAI-chT 1718"]
[Site "Faroe Islands"]
[Date "2018.02.17"]
[Round "6.4"]
[White "Thomsen, Bernhard"]
[Black "Skaale, Janus"]
[Result "0-1"]
[WhiteElo "2052"]
[BlackElo "1772"]
[PlyCount "86"]
[EventDate "2017.10.22"]
[EventType "team-tourn"]
[EventRounds "10"]
[EventCountry "FAI"]
[SourceTitle "EXT 2020"]
[Source "ChessBase"]
[SourceDate "2019.10.17"]
[SourceVersion "1"]
[SourceVersionDate "2019.10.17"]
[SourceQuality "1"]
[WhiteTeam "Kollafjordur"]
[BlackTeam "Klaksvik"]
[WhiteTeamCountry "FAI"]
[BlackTeamCountry "FAI"]

1. e4 c5 2. Nf3 d6 3. Bb5+ Bd7 4. Bxd7+ Qxd7 5. d3 Nc6 6. 0-0 g6 7. Re1 Bg7 8. Nc3 Nf6 9. h3 0-0 10. Be3 Rfc8 11. Qd2 Rab8 12. Rad1 b5 13. Ne2 a5 14. Ng3 Qc7 15. c3 b4 16. c4 a4 17. Bh6 Bh8 18. Rf1 Nd7 19. Ng5 Ra8 20. f4 Bd4+ 21. Kh1 a3 22. b3 Nf6 23. Nf3 Bc3 24. Qe2 Nd4 25. Nxd4 Bxd4 26. Rf3 Nd7 27. Rdf1 Ra7 28. Kh2 Re8 29. Nh1 e6 30. g4 Raa8 31. Ng3 Re7 32. h4 Rae8 33. h5 f5 34. Kh3 Nf6 35. g5 Ng4 36. Rh1 d5 37. Kh4 dxe4 38. dxe4 Rd8 39. Re1 Bc3 40. Rd1 Rxd1 41. Qxd1 Rd7 42. Rd3 Qxf4 43. Qf3 Ne3+ 0-1

[Event "Kopavogur Baldursson Memorial"]
[Site "Kopavogur"]
[Date "2018.01.06"]
[Round "5"]
[White "Skaale, Janus"]
[Black "Thorhallsson, Simon"]
[Result "0-1"]
[WhiteElo "1752"]
[BlackElo "2040"]
[PlyCount "70"]
[EventDate "2018.01.04"]
[EventType "swiss"]
[EventRounds "7"]
[EventCountry "ISL"]
[SourceTitle "CBM 182 Extra"]
[Source "ChessBase"]
[SourceDate "2018.02.23"]
[SourceVersion "1"]
[SourceVersionDate "2018.02.23"]
[SourceQuality "1"]

1. e4 c5 2. Nf3 d6 3. Bb5+ Nd7 4. 0-0 a6 5. Bxd7+ Bxd7 6. c3 Nf6 7. Re1 Bc6 8. d3 e6 9. Bg5 Be7 10. Nbd2 h6 11. Bh4 g5 12. Bg3 Nh5 13. Nf1 Nxg3 14. Nxg3 h5 15. d4 g4 16. Nd2 Bg5 17. d5 Bd7 18. e5 exd5 19. c4 h4 20. exd6+ Kf8 21. Ngf1 g3 22. hxg3 hxg3 23. Nxg3 Bxd2 24. Qxd2 Qh4 25. Qe3 Re8 26. Qxe8+ Bxe8 27. Re7 Bc6 28. Rc7 Qh2+ 29. Kf1 d4 30. d7 Qxg2+ 31. Ke2 Qf3+ 32. Kf1 Bxd7 33. Rxd7 Rh1+ 34. Nxh1 Qxh1+ 35. Ke2 Qxa1 0-1

[Event "Runavik op"]
[Site "Runavik"]
[Date "2017.11.26"]
[Round "9"]
[White "Skaale, Janus"]
[Black "Thomassen, Benjamin"]
[Result "1-0"]
[WhiteElo "1897"]
[BlackElo "1190"]
[PlyCount "81"]
[EventDate "2017.11.20"]
[EventType "swiss"]
[EventRounds "9"]
[EventCountry "FAI"]
[SourceTitle "CBM 181 Extra"]
[Source "ChessBase"]
[SourceDate "2017.12.12"]
[SourceVersion "1"]
[SourceVersionDate "2017.12.12"]
[SourceQuality "1"]

1. e4 e5 2. Nf3 Nc6 3. Bc4 Be7 4. d3 Nf6 5. Nc3 d6 6. h3 0-0 7. Be3 Na5 8. Bb3 Be6 9. 0-0 c6 10. d4 Nxb3 11. axb3 exd4 12. Nxd4 Qc7 13. f4 h6 14. Qf3 Rfd8 15. Rad1 Nh7 16. g4 Bf6 17. Nce2 a5 18. Ng3 Qe7 19. Nh5 Bc8 20. Ng3 Nf8 21. Ngf5 Bxf5 22. Nxf5 Qe6 23. Bd4 Nh7 24. h4 g6 25. Nxh6+ Kg7 26. g5 Bxd4+ 27. Rxd4 b5 28. Qc3 Kf8 29. Qxc6 Rac8 30. Qb6 Kg7 31. Rf3 Rd7 32. Qxb5 Rxc2 33. Qd5 Nf8 34. Rfd3 Rxb2 35. Qxe6 fxe6 36. Rxd6 Rxd6 37. Rxd6 Rxb3 38. Ra6 Rb4 39. Rxa5 Rxe4 40. Ra7+ Kh8 41. Rf7 1-0